[Event "Joao Pessoa Fischer Memorial 7th"]
[Site "Joao Pessoa"]
[Date "2016.03.13"]
[Round "6"]
[White "Da Paixao, Irineu Vieira"]
[Black "Macedo, Haroldo Wladimir So"]
[Result "1-0"]
[WhiteElo "1718"]
[BlackElo "1800"]
[PlyCount "61"]
[EventDate "2016.03.11"]
[EventType "swiss"]
[EventRounds "6"]
[EventCountry "BRA"]
[SourceTitle "CBM 171 Extra"]
[Source "ChessBase"]
[SourceDate "2016.04.26"]
[SourceVersion "1"]
[SourceVersionDate "2016.04.26"]
[SourceQuality "1"]

1. d4 d5 2. Nf3 e6 3. e3 Nf6 4. Bd3 Bd6 5. Nbd2 Nbd7 6. 0-0 0-0 7. c4 Re8 8. c5 Bf8 9. Qc2 c6 10. Ng5 g6 11. f4 Ng4 12. Ngf3 f5 13. h3 Ngf6 14. Nh2 h6 15. Ndf3 Nh5 16. Qf2 Re7 17. g4 Ng7 18. Kh1 Nf6 19. Rg1 Ne4 20. Qg2 Qe8 21. Ne5 Kh7 22. Nhf3 fxg4 23. hxg4 b6 24. cxb6 axb6 25. Qh2 Kg8 26. Nh4 Kh7 27. Bxe4 dxe4 28. Nhxg6 Rc7 29. Rg3 Qd8 30. Rh3 Ne8 31. Nxf8+ 1-0